[Event "Serbia-chT"]
[Site "Jahorina"]
[Date "2001.08.17"]
[Round "7"]
[White "Gavric, Miladin"]
[Black "Gvozdenovic, Zoran"]
[Result "1-0"]
[WhiteElo "2392"]
[BlackElo "2215"]
[PlyCount "133"]
[EventDate "2001.08.11"]
[EventType "team"]
[EventRounds "9"]
[EventCountry "YUG"]
[SourceTitle "EXT 2002"]
[Source "ChessBase"]
[SourceDate "2001.11.25"]
[SourceVersion "1"]
[SourceVersionDate "2001.11.25"]
[SourceQuality "1"]

1. e4 c5 2. Nf3 Nc6 3. Nc3 g6 4. d4 cxd4 5. Nxd4 Bg7 6. Be3 Nf6 7. Bc4 0-0 8. Bb3 d6 9. h3 Bd7 10. 0-0 Rc8 11. Re1 Na5 12. Qd3 a6 13. Rad1 Qc7 14. Nd5 Nxd5 15. exd5 Rfe8 16. c3 Nc4 17. Bc1 Qc5 18. Qf3 b5 19. Nc2 a5 20. a3 Bf6 21. Ne3 Nb6 22. Nf1 Bg7 23. Be3 Qc7 24. Bd4 Nc4 25. Bxg7 Kxg7 26. Re2 e5 27. dxe6 Bxe6 28. Bxc4 Bxc4 29. Rxe8 Rxe8 30. Ne3 Bb3 31. Rd4 Qc5 32. g3 h5 33. h4 Re6 34. Kh2 Re5 35. Qb7 a4 36. Qf3 Re7 37. Kg1 Qe5 38. Qc6 Re6 39. Rf4 Qc5 40. Qf3 Re7 41. Qe2 Qe5 42. Qd2 Kg8 43. Qd3 Be6 44. Re4 Qc5 45. Nd5 Rb7 46. Rxe6 fxe6 47. Qxg6+ Kf8 48. Qf6+ Kg8 49. Ne7+ Rxe7 50. Qxe7 Qd5 51. Kh2 Qf5 52. Qg5+ Qxg5 53. hxg5 e5 54. f4 e4 55. f5 Kg7 56. Kg2 Kf7 57. Kf2 Kg7 58. Ke3 d5 59. Kd2 Kf7 60. Kc2 Kg7 61. b3 axb3+ 62. Kxb3 Kf7 63. Kc2 Kg7 64. Kd2 Kf7 65. Ke3 Kg7 66. Kd4 Kf7 67. c4 1-0

[Event "Serbia-chT"]
[Site "Jahorina"]
[Date "2001.08.16"]
[Round "6"]
[White "Gvozdenovic, Zoran"]
[Black "Zegarac, Boris"]
[Result "1/2-1/2"]
[WhiteElo "2215"]
[BlackElo "2269"]
[PlyCount "102"]
[EventDate "2001.08.11"]
[EventType "team"]
[EventRounds "9"]
[EventCountry "YUG"]
[SourceTitle "EXT 2002"]
[Source "ChessBase"]
[SourceDate "2001.11.25"]
[SourceVersion "1"]
[SourceVersionDate "2001.11.25"]
[SourceQuality "1"]

1. e4 c5 2. Nf3 e6 3. Nc3 Nc6 4. Bb5 Nge7 5. 0-0 Ng6 6. Re1 Be7 7. d4 cxd4 8. Nxd4 Qc7 9. Be3 0-0 10. Bf1 a6 11. Qh5 Qe5 12. Qxe5 Ngxe5 13. Nxc6 bxc6 14. Na4 Ng4 15. Nb6 Nxe3 16. Nxa8 Nxc2 17. Rec1 Nxa1 18. Nb6 a5 19. Rxa1 Bc5 20. Nc4 Bd4 21. Rd1 e5 22. Nd6 Bxb2 23. Bc4 Ba3 24. Nxc8 Rxc8 25. Rxd7 Rf8 26. Kf1 g6 27. g4 g5 28. Rc7 c5 29. Bd5 Kg7 30. Ke2 Bb4 31. Kd3 a4 32. Kc4 a3 33. f3 Kg6 34. Rc6+ Kg7 35. Rc7 Kg6 36. h3 Kf6 37. Rd7 Kg6 38. Kb5 Rb8+ 39. Kc6 Rc8+ 40. Kb7 Rf8 41. Bc4 Bc3 42. Kc6 Bd4 43. Ra7 Bb2 44. Kd7 Kf6 45. Ra6+ Kg7 46. Rc6 Rb8 47. Rxc5 Rb7+ 48. Kc8 Ra7 49. Bd5 Bd4 50. Rc4 Ra6 51. Bc6 Ra5 1/2-1/2

[Event "Serbia-chT"]
[Site "Jahorina"]
[Date "2001.08.11"]
[Round "1"]
[White "Gvozdenovic, Zoran"]
[Black "Pikula, Dejan"]
[Result "0-1"]
[WhiteElo "2215"]
[BlackElo "2458"]
[PlyCount "40"]
[EventDate "2001.08.11"]
[EventType "team"]
[EventRounds "9"]
[EventCountry "YUG"]
[SourceTitle "EXT 2002"]
[Source "ChessBase"]
[SourceDate "2001.11.25"]
[SourceVersion "1"]
[SourceVersionDate "2001.11.25"]
[SourceQuality "1"]

1. e4 c5 2. Nf3 e6 3. d4 cxd4 4. Nxd4 a6 5. Nc3 Qc7 6. Be3 Bb4 7. Qd2 Nf6 8. f3 d5 9. a3 Bxc3 10. bxc3 dxe4 11. c4 0-0 12. 0-0-0 Nbd7 13. Qb4 b6 14. Nb3 Bb7 15. fxe4 Bxe4 16. Qd6 Qb7 17. h3 Rfc8 18. Rg1 Bg6 19. Qf4 Nd5 20. Qf3 Ne5 0-1

[Event "Srbia-chT"]
[Site "Jahorina"]
[Date "2000.??.??"]
[Round "?"]
[White "Gvozdenovic, Zoran"]
[Black "Narancic, Vlado"]
[Result "0-1"]
[WhiteElo "2238"]
[BlackElo "2405"]
[PlyCount "92"]
[EventDate "2000.??.??"]
[EventType "team"]
[EventRounds "8"]
[EventCountry "YUG"]
[SourceTitle "EXT 2001"]
[Source "ChessBase"]
[SourceDate "2000.11.22"]
[SourceVersion "1"]
[SourceVersionDate "2000.11.22"]
[SourceQuality "1"]

1. e4 c5 2. Nf3 d6 3. d4 cxd4 4. Nxd4 Nf6 5. Nc3 a6 6. f3 e5 7. Nb3 Be6 8. Be3 Nbd7 9. Qd2 Rc8 10. Be2 Be7 11. 0-0-0 Qc7 12. Kb1 0-0 13. g4 b5 14. g5 Nh5 15. Bd3 Nb6 16. Bxb6 Qxb6 17. Nd5 Bxd5 18. exd5 b4 19. Nc1 a5 20. Ne2 g6 21. h4 f5 22. gxf6 Bxf6 23. Rdg1 Qf2 24. Rf1 Qc5 25. Be4 a4 26. Rhg1 Rc7 27. Rg4 a3 28. b3 Bg7 29. Bd3 Nf4 30. Nxf4 Rxf4 31. Be4 Rcf7 32. Rxf4 exf4 33. Qd3 Bc3 34. Qc4 Qb6 35. Qd3 Qd8 36. h5 gxh5 37. Bf5 Kh8 38. Be6 Rf8 39. Rg1 Qf6 40. Kc1 Bd4 41. Rg2 h4 42. Kd1 Bc3 43. Qe4 Re8 44. Rg4 h3 45. Rxf4 Qg5 46. Qf5 Qg2 0-1